Score 0/13 Timer 01:00
0 Plays Today
Clue 3-Letter Word % Correct
Man's best friendDog
99.5%
Shortening for where scientists workLab
92.2%
Fallen tree trunk or recordLog
86.2%
LadBoy
85.9%
San Francisco or ChesapeakeBay
84.8%
Gently tossLob
81.7%
InsectBug
81.1%
Flying mammal or A-Rod's favorite toolBat
77.7%
SwampBog
77.3%
86,400 secondsDay
76.6%
Man's best friend's worst enemyCat
74.9%
Shorter word for exceptBut
74.2%
To lightly press against something or a small amountDab
70.1%

Today's Daily Dose

Missing Word
'T' Pairs

Word Ladder
Game Pieces

Get the Picture
Baseball Movies

Remove Ads.
Support Sporcle.
Get the best of Sporcle when you Go Orange. This ad-free experience offers more features, more stats, and more fun while also helping to support Sporcle. Thank you for becoming a member.

You're not logged in!

Compare scores with friends on all Sporcle quizzes.
OR
Log In

Show Comments

Extras

Top Quizzes Today


Score Distribution

Your Account Isn't Verified!

In order to create a playlist on Sporcle, you need to verify the email address you used during registration. Go to your Sporcle Settings to finish the process.

Report this User

Report this user for behavior that violates our Community Guidelines.

Details: